000 00477nam a2200145Ia 4500
001 4639
008 241024s9999 xx 000 0 und d
082 _aRD/370.97293/A837i/2017
100 _aRepública Dominicana. Asociación de Instituciones Educativas Privadas (INEP)
245 0 _aImpacto económico del sector educativo privado. Resultado de los hallazgos de la investigación
260 _bAmco
_c2017
590 _asi
901 _a20/6/2017 8:31:16 a.m.
999 _c9170
_d9170